000 00374 a2200169 4500
001 69710
020 _a853220175X
040 _cAnchieta - Itaigara
100 _aGomes, Álvaro Cardoso
240 1 0 _aO menino invisível
_lpor
245 1 0 _aO menino invisível
300 _a29
362 0 _a1998
440 1 _aFTD
650 4 _aLiteratura infanto-juvenil
942 _cBK
999 _c69710
_d69710